Statistics for Busiest Airports in Canada

Click here to take the quiz!

General Stats

  • This quiz has been taken 321 times
    (59 since last reset)
  • The average score is 16 of 23

Answer Stats

RankTotal PassengersCity% Change from 2021% Correct
135.6 millionToronto (Pearson)+ 181%
100%
315.9 millionMontreal+ 207%
98%
91.73 millionToronto (Billy Bishop)+ 514%
98%
219.0 millionVancouver+ 168%
98%
414.4 millionCalgary+ 128%
96%
55.8 millionEdmonton+ 109%
92%
83.00 millionOttawa+ 156%
91%
121.2 millionQuebec City+ 233%
87%
63.1 millionHalifax+ 189%
81%
73.03 millionWinnipeg+ 148%
81%
15952,051Saskatoon+ 116%
79%
131.1 millionSt. John's+ 130%
74%
111.5 millionVictoria+ 121%
72%
16764,128Regina+ 115%
68%
23229,241London+ 126%
57%
17645,789Hamilton+ 158%
55%
101.72 millionKelowna+ 107%
55%
18581,095Thunder Bay+ 84%
55%
19468,821Moncton+ 165%
49%
21341,649Charlottetown+ 207%
42%
14992,712Abbotsford+ 97%
30%
20375,397Waterloo+ 119%
21%
22320,319Fort McMurray+ 40%
15%

Score Distribution

Percentile by Number Answered

Percent of People with Each Score

Your Score History

You have not taken this quiz since the last reset